Tradiciones peruanas

Guardado en:
Detalles Bibliográficos
Autor principal: Palma, Ricardo (autor)
Formato: Libro
Lenguaje:español
Publicado: Buenos Aires W. M. Jackson 1946
Edición:2a. ed
Colección:Colección Panamericana, 25
Materias:
Etiquetas: Agregar Etiqueta
Sin Etiquetas, Sea el primero en etiquetar este registro!

MARC

LEADER 00000nam a2200000 a 4500
001 UCQ5440
003 CL-VaPUC
008 980925e19460000AG |||||||||||||||||spa|d
082 0 4 |a 398.27  |b PAL  |2 21 
100 |a Palma, Ricardo  |e autor  |9 352070 
245 1 0 |a Tradiciones peruanas 
250 |a 2a. ed 
300 |a 435 p 
942 |c BK 
945 |d 19980925 00:00:00  |a lriquelm 
260 |a Buenos Aires  |b W. M. Jackson  |c 1946 
650 0 |a Folklore peruano  |9 352072 
650 0 |a Costumbres y tradiciones   |9 268292 
651 0 |a Perú  |9 256567 
583 |a last modification  |c 19980925 00:00:00  |k Rodrigo Vera 
490 0 |a Colección Panamericana, 25 
999 |c 275652  |d 275650 
952 |0 0  |1 0  |4 0  |6 398_270000000000000_PAL_1946  |7 0  |8 A  |9 312435  |a BIBEDU  |b BIBEDU  |d 2019-11-20  |i 3165736  |o 398.27 PAL 1946  |p 3165736  |r 2019-11-20  |w 2019-11-20  |y BK  |k LIT